000 00956nam a22002417a 4500
999 _c65522
_d65522
005 20240530110829.0
008 190903s2005 ua a g b 000 0 ara d
017 _a2004/10362
_bمصر. دار الكتب
020 _a9771427679
040 _aEG-CaGPL
_cEG-CaGPL
082 0 4 _221
_a239.3\
_bأ أ
100 0 _aاحمد شوقى ابراهيم
245 1 2 _aالاحداث الثلاثة العظمى فى الدعوة الاسلامية :
_bالبعثة : الاسراء والمعراج : الهجرة /
_cتاليف احمد شوقى ابراهيم
250 _aط.2
260 _aالقاهرة :
_bنهضة مصر للطباعة والنشر والتوزيع،
_c2005
300 _a231 ص. ؛
_c20 سم.
650 0 7 _2qrmak
_aالدعوى الاسلامية
650 0 7 _aالسيرة النبوية
_2qrmak
650 0 7 _aالهجرة
_2qrmak
651 _2qrmak
942 _2ddc
_cBK